Welcome to CU Library Online Public Access Catalogue (OPAC)

Bates' guide to physical examination and history taking. (Record no. 3315)

MARC details
000 -LEADER
fixed length control field 00969cam a22002534a 4500
001 - CONTROL NUMBER
control field 12723975
005 - DATE AND TIME OF LATEST TRANSACTION
control field 20250131181256.0
008 - FIXED-LENGTH DATA ELEMENTS--GENERAL INFORMATION
fixed length control field 020329s2003 paua b 001 0 eng
020 ## - INTERNATIONAL STANDARD BOOK NUMBER
International Standard Book Number 9780781735117
050 00 - LIBRARY OF CONGRESS CALL NUMBER
Classification number RC76
Item number .B38 2003
082 00 - DEWEY DECIMAL CLASSIFICATION NUMBER
Classification number 616.07/54
Edition information 21
100 1# - MAIN ENTRY--PERSONAL NAME
Personal name Bickley, Lynn S.
245 10 - TITLE STATEMENT
Title Bates' guide to physical examination and history taking.
Statement of responsibility, etc. Lynn S. Bickley. Peter G. Szilagyi.
250 ## - EDITION STATEMENT
Edition statement 8th ed. /
Remainder of edition statement Lynn S. Bickley. Peter G. Szilagyi.
260 ## - PUBLICATION, DISTRIBUTION, ETC.
Place of publication, distribution, etc. Philadelphia :
Name of publisher, distributor, etc. Lippincott Williams & Wilkins,
Date of publication, distribution, etc. c2003.
300 ## - PHYSICAL DESCRIPTION
Extent xxiii, 862 p. :
Other physical details col. ill. ;
Dimensions 29 cm. +
Accompanying material 1 computer optical laser disc (4 3/4 in.)
650 #0 - SUBJECT ADDED ENTRY--TOPICAL TERM
Topical term or geographic name entry element Physical diagnosis.
650 #0 - SUBJECT ADDED ENTRY--TOPICAL TERM
Topical term or geographic name entry element Medical history taking.
650 12 - SUBJECT ADDED ENTRY--TOPICAL TERM
Topical term or geographic name entry element Physical Examination
General subdivision methods.
650 22 - SUBJECT ADDED ENTRY--TOPICAL TERM
Topical term or geographic name entry element Medical History Taking
General subdivision methods.
700 1# - ADDED ENTRY--PERSONAL NAME
Personal name Szilagyi, Peter G.
856 42 - ELECTRONIC LOCATION AND ACCESS
Materials specified Publisher description
Uniform Resource Identifier <a href="http://www.loc.gov/catdir/enhancements/fy0807/2002141573-d.html">http://www.loc.gov/catdir/enhancements/fy0807/2002141573-d.html</a>
942 ## - ADDED ENTRY ELEMENTS (KOHA)
Source of classification or shelving scheme Library of Congress Classification
Koha item type Books
Edition 8th ed.
Suppress in OPAC No
999 ## -
-- 3315
-- 3315
Holdings
Withdrawn status Lost status Source of classification or shelving scheme Damaged status Not for loan Collection Home library Current library Shelving location Date acquired Total checkouts Full call number Barcode Date last seen Copy number Price effective from Koha item type
    Library of Congress Classification     Non-fiction Science Library (Miotso) Science Library (Miotso) General stacks 01/31/2025   RC76 .B38 BIC SLM00002700 01/31/2025 1 01/31/2025 Books
© 2023-2024 Copyright: Central University Libraries. All Rights Reserved | Created by: Mahone Tech Office